000
00316nam a2200133Ia 4500
005
20260328104334.0
008
260328s9999||||xx |||||||||||||| ||und||
100
_a
Paricio, Ignacio
245
0
_a
El Vidrio Estructural /
_c
Ignacio Paricio
260
_b
Bisagra
300
_a
83 p.
650
_a
VIDRIO
942
_c
BK
999
_c
11844
_d
11844